| 000 | 00731naa a22002051a 4500 | ||
|---|---|---|---|
| 003 | BD-RjUL | ||
| 005 | 20221027104755.0 | ||
| 008 | 221027s1962 pk ||||| |||| 00| 0 urd d | ||
| 035 | _a(BD-RjUL) | ||
| 040 |
_aBD-RjUL _beng _cBD-RjUL |
||
| 041 | _aurd | ||
| 082 |
_223 _a392 _bDER 1962 |
||
| 100 |
_aدهلوي, سيد احمد # # Dehlawi, Syed Ahmed _d1846-1918 _95526 |
||
| 245 |
_aرسوم دهلى # # / Rusūm-i Dihlī / _cسيد احمد دهلوى # # Syed Ahmed Dehlawi |
||
| 260 |
_aKarachi : _bاردو اكادمى، ،Urdu ekademi , _c1962 |
||
| 300 |
_a220 p. ; _c18 p. ; |
||
| 650 |
_aSocial life and customs _zDelhi (India) _95527 |
||
| 650 |
_aMuslims _vSocial life and customs _zDelhi _95528 |
||
| 942 |
_2ddc _cBK |
||
| 999 |
_c80640 _d80640 |
||